000 00875nmm a2200253 a 4500
001 ocm000701263
003 TR-IsHL
005 20201028132424.0
008 131030s1985 tu tur
007 cr cn
035 _a701263
_b(N$T)
050 0 4 _aHD2346.T9
_bK83 1985
090 0 4 _aHD2346.T9
_bK83 1985
245 1 0 _aKüçük sanayide daha verimli nasıl çalışabiliriz
_h[electronic resource] /
_chaz. Ahmet Fahri Özok
260 _aİstanbul :
_bİstanbul Ticaret Odası,
_c1985
300 _a58 p.
650 4 _aEkonomi ve Finans
650 4 _aEconomics and Finance
650 0 _aKüçük işletmeler
_x Türkiye
650 0 _aSmall business
_x Turkey
650 7 _aBUSINESS & ECONOMICS / Small Business
_2bisacsh
700 1 _aÖzok, Ahmet Fahri
856 4 0 _uhttp://search.ebscohost.com/login.aspx?direct=true&scope=site&db=e011xww&AN=701263
999 _c5084
_d5084